000
00380nam a22001097a 4500
082
_a
080/BAN
100
_a
बंसल ,रश्मि
_9
82234
245
_a
मेरे देश की धरती
260
_a
नई दिल्ली
_b
अनउण्ड पब्लिकैशन
_c
2023
650
_a
व्यकतित्व विकास
_9
65212
942
_c
HIN
999
_c
67536
_d
67536